Boys' Names in Top 1000-G (2023) - Statistics

General Stats
  • This quiz has been taken 237 times
  • The average score is 12 of 25
Answer Stats
Answer % Correct
George
94%
Gregory
84%
Gabriel
73%
Grey
71%
Gavin
70%
Garrett
69%
Grayson
66%
Greyson
66%
Grant
61%
Gael
50%
Giovanni
47%
Gordon
46%
Graham
46%
Gunnar
39%
Gunner
39%
Grady
38%
Griffin
34%
Gideon
32%
Gage
31%
Gian
31%
Gianni
26%
Gustavo
20%
Gerardo
19%
Guillermo
16%
Gatlin
4%
No matching quizzes found
Score Distribution
Percent of People with Each Score
Percentile by Number Answered
Your Score History
You have not taken this quiz